000 00414nam a2200181Ia 4500
001 1005
005 20260306140600.0
008 260306t2004||||xx |||||||||||||| ||spa||
041 _aESP
082 _a179.9
_bE383
100 _aEugui, Julio
_eAUT
245 0 _aMil anécdotas de virtudes
260 _c2004
300 _a651 páginas :
_c25 cm.
650 _aGEN
654 _aCHU
942 _cLIB
_dJUS
_fJUS
_2ddc
_n
999 _c1005
_d1005